<?xml version="1.0" encoding="UTF-8"?><marc:collection xmlns:marc="http://www.loc.gov/MARC21/slim">
  <marc:record>
    <marc:leader>00000nam  2200000zi 4500</marc:leader>
    <marc:controlfield tag="001">9.896096</marc:controlfield>
    <marc:controlfield tag="003">CaOODSP</marc:controlfield>
    <marc:controlfield tag="005">20221107174224</marc:controlfield>
    <marc:controlfield tag="006">m     o  d f      </marc:controlfield>
    <marc:controlfield tag="007">cr bn|||||||||</marc:controlfield>
    <marc:controlfield tag="008">210203s1990    nscbd   ob   f000 0 eng d</marc:controlfield>
    <marc:datafield tag="040" ind1=" " ind2=" ">
      <marc:subfield code="a">CaOODSP</marc:subfield>
      <marc:subfield code="b">eng</marc:subfield>
      <marc:subfield code="e">rda</marc:subfield>
      <marc:subfield code="c">CaOODSP</marc:subfield>
    </marc:datafield>
    <marc:datafield tag="041" ind1="0" ind2=" ">
      <marc:subfield code="a">eng</marc:subfield>
      <marc:subfield code="b">eng</marc:subfield>
      <marc:subfield code="b">fre</marc:subfield>
    </marc:datafield>
    <marc:datafield tag="043" ind1=" " ind2=" ">
      <marc:subfield code="a">n-cn-qu</marc:subfield>
      <marc:subfield code="a">n-cnm--</marc:subfield>
    </marc:datafield>
    <marc:datafield tag="086" ind1="1" ind2=" ">
      <marc:subfield code="a">Fs70-8/90-91E-PDF</marc:subfield>
    </marc:datafield>
    <marc:datafield tag="100" ind1="1" ind2=" ">
      <marc:subfield code="a">Nielsen, Gloria, </marc:subfield>
      <marc:subfield code="e">author.</marc:subfield>
    </marc:datafield>
    <marc:datafield tag="245" ind1="1" ind2="4">
      <marc:subfield code="a">The 1989 4T herring gillnet questionnaire / </marc:subfield>
      <marc:subfield code="c">by Gloria Nielsen.</marc:subfield>
    </marc:datafield>
    <marc:datafield tag="264" ind1=" " ind2="1">
      <marc:subfield code="a">[Dartmouth, N.S.] : </marc:subfield>
      <marc:subfield code="b">Canadian Atlantic Fisheries Scientific Advisory Committee ; </marc:subfield>
      <marc:subfield code="a">Moncton, New Brunswick : </marc:subfield>
      <marc:subfield code="b">Marine and Anadromous Fish Division, Gulf Fisheries Center, Department of Fisheries and Oceans, </marc:subfield>
      <marc:subfield code="c">[1990?]</marc:subfield>
    </marc:datafield>
    <marc:datafield tag="300" ind1=" " ind2=" ">
      <marc:subfield code="a">1 online resource (30 pages) : </marc:subfield>
      <marc:subfield code="b">maps, graphs.</marc:subfield>
    </marc:datafield>
    <marc:datafield tag="336" ind1=" " ind2=" ">
      <marc:subfield code="a">text</marc:subfield>
      <marc:subfield code="b">txt</marc:subfield>
      <marc:subfield code="2">rdacontent</marc:subfield>
    </marc:datafield>
    <marc:datafield tag="337" ind1=" " ind2=" ">
      <marc:subfield code="a">computer</marc:subfield>
      <marc:subfield code="b">c</marc:subfield>
      <marc:subfield code="2">rdamedia</marc:subfield>
    </marc:datafield>
    <marc:datafield tag="338" ind1=" " ind2=" ">
      <marc:subfield code="a">online resource</marc:subfield>
      <marc:subfield code="b">cr</marc:subfield>
      <marc:subfield code="2">rdacarrier</marc:subfield>
    </marc:datafield>
    <marc:datafield tag="490" ind1="1" ind2=" ">
      <marc:subfield code="a">CAFSAC research document ; </marc:subfield>
      <marc:subfield code="v">no. 90/91</marc:subfield>
    </marc:datafield>
    <marc:datafield tag="500" ind1=" " ind2=" ">
      <marc:subfield code="a">Cover title.</marc:subfield>
    </marc:datafield>
    <marc:datafield tag="500" ind1=" " ind2=" ">
      <marc:subfield code="a">"Not to be cited without permission of the authors."</marc:subfield>
    </marc:datafield>
    <marc:datafield tag="504" ind1=" " ind2=" ">
      <marc:subfield code="a">Includes bibliographical references (page 6).</marc:subfield>
    </marc:datafield>
    <marc:datafield tag="520" ind1="3" ind2=" ">
      <marc:subfield code="a">"A telephone survey was conducted to collect information from herring gillnetters about their 1989 fishery in the southern Gulf of St. Lawrence (NAFO Division 4T). The survey gathered data on the fishing effort for abundance estimates, on mesh size distribution for determination of partial recruitment, and on disposition of the catch for validation of purchase slip information. In addition, the gillnetters were asked their opinion on the abundance of herring in 1989"--Abstract, page 1.</marc:subfield>
    </marc:datafield>
    <marc:datafield tag="546" ind1=" " ind2=" ">
      <marc:subfield code="a">Includes abstract and series statement in French.</marc:subfield>
    </marc:datafield>
    <marc:datafield tag="650" ind1=" " ind2="0">
      <marc:subfield code="a">Atlantic herring fisheries</marc:subfield>
      <marc:subfield code="z">Saint Lawrence, Gulf of.</marc:subfield>
    </marc:datafield>
    <marc:datafield tag="650" ind1=" " ind2="0">
      <marc:subfield code="a">Gillnetting</marc:subfield>
      <marc:subfield code="z">Saint Lawrence, Gulf of.</marc:subfield>
    </marc:datafield>
    <marc:datafield tag="650" ind1=" " ind2="0">
      <marc:subfield code="a">Fish stock assessment</marc:subfield>
      <marc:subfield code="z">Saint Lawrence, Gulf of.</marc:subfield>
    </marc:datafield>
    <marc:datafield tag="650" ind1=" " ind2="6">
      <marc:subfield code="a">Hareng</marc:subfield>
      <marc:subfield code="x">Pêche commerciale</marc:subfield>
      <marc:subfield code="z">Saint-Laurent, Golfe du.</marc:subfield>
    </marc:datafield>
    <marc:datafield tag="650" ind1=" " ind2="6">
      <marc:subfield code="a">Pêche au filet maillant</marc:subfield>
      <marc:subfield code="z">Saint-Laurent, Golfe du.</marc:subfield>
    </marc:datafield>
    <marc:datafield tag="650" ind1=" " ind2="6">
      <marc:subfield code="a">Ressources halieutiques</marc:subfield>
      <marc:subfield code="x">Évaluation</marc:subfield>
      <marc:subfield code="z">Saint-Laurent, Golfe du.</marc:subfield>
    </marc:datafield>
    <marc:datafield tag="710" ind1="2" ind2=" ">
      <marc:subfield code="a">Canadian Atlantic Fisheries Scientific Advisory Committee, </marc:subfield>
      <marc:subfield code="e">issuing body.</marc:subfield>
    </marc:datafield>
    <marc:datafield tag="710" ind1="2" ind2=" ">
      <marc:subfield code="a">Gulf Fisheries Centre (Canada), </marc:subfield>
      <marc:subfield code="e">issuing body.</marc:subfield>
    </marc:datafield>
    <marc:datafield tag="830" ind1="#" ind2="0">
      <marc:subfield code="a">CAFSAC research document (Canadian Atlantic Fisheries Scientific Advisory Committee)</marc:subfield>
      <marc:subfield code="v">no. 90/91.</marc:subfield>
      <marc:subfield code="w">(CaOODSP)9.869616</marc:subfield>
    </marc:datafield>
    <marc:datafield tag="856" ind1="4" ind2="0">
      <marc:subfield code="q">PDF</marc:subfield>
      <marc:subfield code="s">1.36 MB</marc:subfield>
      <marc:subfield code="u">https://publications.gc.ca/collections/collection_2021/mpo-dfo/fs70-8/Fs70-8-90-91-eng.pdf</marc:subfield>
    </marc:datafield>
  </marc:record>
</marc:collection>
